| 000 | 00440nam a2200157Ia 4500 | ||
|---|---|---|---|
| 005 | 20250329120322.0 | ||
| 008 | 231217s9999 xx 000 0 und d | ||
| 020 | _a9788131420904 | ||
| 082 | _a615.50724 UMA;1 R | ||
| 100 | _aUmakanta, Sahoo. Faiz, Kermani. | ||
| 245 | 0 | _aClinical research environment in India | |
| 260 |
_c2008 _bICFAI Press _aHyderabad |
||
| 300 | _avii. 257 | ||
| 650 | _aClinical,environment,India | ||
| 942 | _cAA | ||
| 999 |
_c189159 _d189159 |
||